Statistics for World Map with 20 Random Merged Countries

Click here to take the quiz!

General Stats

  • This quiz has been taken 339 times
  • The average score is 36 of 40

Answers on the Map

Answers color-coded by a green-red scale on the quiz's map according to % correct below.
 

Answer Stats

Group NameCountry% Correct
Merged CountriesAfghanistan
100%
Merged CountriesAfghanistan
100%
Merged CountriesAfghanistan
100%
Merged CountriesAfghanistan
100%
Merged CountriesAlgeria
100%
Merged CountriesAlgeria
100%
Merged CountriesAlgeria
100%
Merged CountriesAlgeria
100%
Merged CountriesAngola
100%
Merged CountriesAngola
100%
Merged CountriesAngola
100%
Merged CountriesArgentina
100%
Merged CountriesArgentina
100%
Merged CountriesArgentina
100%
Merged CountriesAustria
100%
Merged CountriesAustria
100%
Merged CountriesAustria
100%
Merged CountriesAzerbaijan
100%
Merged CountriesBangladesh
100%
Merged CountriesBelarus
100%
Merged CountriesBelarus
100%
Merged CountriesBelarus
100%
Merged CountriesBelarus
100%
Merged CountriesBelgium
100%
Merged CountriesBenin
100%
Merged CountriesBolivia
100%
Merged CountriesBolivia
100%
Merged CountriesBolivia
100%
Merged CountriesBolivia
100%
Merged CountriesBosnia and Herzegovina
100%
Merged CountriesBotswana
100%
Merged CountriesBrazil
100%
Merged CountriesBrazil
100%
Merged CountriesBrazil
100%
Merged CountriesBrazil
100%
Merged CountriesBrazil
100%
Merged CountriesBrazil
100%
Merged CountriesBulgaria
100%
Merged CountriesBulgaria
100%
Merged CountriesBurkina Faso
100%
Merged CountriesBurkina Faso
100%
Merged CountriesCambodia
100%
Merged CountriesCameroon
100%
Merged CountriesCameroon
100%
Merged CountriesCameroon
100%
Merged CountriesCanada
100%
Merged CountriesCentral African Republic
100%
Merged CountriesCentral African Republic
100%
Merged CountriesCentral African Republic
100%
Merged CountriesCentral African Republic
100%
Merged CountriesChad
100%
Merged CountriesChad
100%
Merged CountriesChad
100%
Merged CountriesChad
100%
Merged CountriesChad
100%
Merged CountriesChile
100%
Merged CountriesChile
100%
Merged CountriesChina
100%
Merged CountriesChina
100%
Merged CountriesChina
100%
Merged CountriesChina
100%
Merged CountriesChina
100%
Merged CountriesChina
100%
Merged CountriesChina
100%
Merged CountriesChina
100%
Merged CountriesChina
100%
Merged CountriesChina
100%
Merged CountriesColombia
100%
Merged CountriesCzech Republic
100%
Merged CountriesCzech Republic
100%
Merged CountriesCzech Republic
100%
Merged CountriesCzech Republic
100%
Merged CountriesDominican Republic
100%
Merged CountriesD.R. of the Congo
100%
Merged CountriesD.R. of the Congo
100%
Merged CountriesD.R. of the Congo
100%
Merged CountriesD.R. of the Congo
100%
Merged CountriesEgypt
100%
Merged CountriesEgypt
100%
Merged CountriesEritrea
100%
Merged CountriesEthiopia
100%
Merged CountriesEthiopia
100%
Merged CountriesFinland
100%
Merged CountriesFinland
100%
Merged CountriesFrance
100%
Merged CountriesFrance
100%
Merged CountriesFrance
100%
Merged CountriesGabon
100%
Merged CountriesGeorgia
100%
Merged CountriesGermany
100%
Merged CountriesGermany
100%
Merged CountriesGermany
100%
Merged CountriesGermany
100%
Merged CountriesGermany
100%
Merged CountriesGhana
100%
Merged CountriesGreece
100%
Merged CountriesGuatemala
100%
Merged CountriesGuinea
100%
Merged CountriesGuinea
100%
Merged CountriesGuinea
100%
Merged CountriesGuinea
100%
Merged CountriesGuyana
100%
Merged CountriesGuyana
100%
Merged CountriesHaiti
100%
Merged CountriesHonduras
100%
Merged CountriesHungary
100%
Merged CountriesHungary
100%
Merged CountriesIndia
100%
Merged CountriesIndia
100%
Merged CountriesIndia
100%
Merged CountriesIndia
100%
Merged CountriesIran
100%
Merged CountriesIran
100%
Merged CountriesIran
100%
Merged CountriesIran
100%
Merged CountriesIran
100%
Merged CountriesIraq
100%
Merged CountriesIraq
100%
Merged CountriesIraq
100%
Merged CountriesIreland
100%
Merged CountriesItaly
100%
Merged CountriesItaly
100%
Merged CountriesIvory Coast
100%
Merged CountriesIvory Coast
100%
Merged CountriesIvory Coast
100%
Merged CountriesKazakhstan
100%
Merged CountriesKazakhstan
100%
Merged CountriesKazakhstan
100%
Merged CountriesKenya
100%
Merged CountriesKenya
100%
Merged CountriesKyrgyzstan
100%
Merged CountriesLaos
100%
Merged CountriesLatvia
100%
Merged CountriesLatvia
100%
Merged CountriesLiberia
100%
Merged CountriesLiberia
100%
Merged CountriesLibya
100%
Merged CountriesLibya
100%
Merged CountriesLibya
100%
Merged CountriesLibya
100%
Merged CountriesLithuania
100%
Merged CountriesLithuania
100%
Merged CountriesMalaysia
100%
Merged CountriesMali
100%
Merged CountriesMali
100%
Merged CountriesMali
100%
Merged CountriesMauritania
100%
Merged CountriesMexico
100%
Merged CountriesMongolia
100%
Merged CountriesMorocco
100%
Merged CountriesMozambique
100%
Merged CountriesMozambique
100%
Merged CountriesMyanmar
100%
Merged CountriesMyanmar
100%
Merged CountriesNamibia
100%
Merged CountriesNamibia
100%
Merged CountriesNamibia
100%
Merged CountriesNicaragua
100%
Merged CountriesNiger
100%
Merged CountriesNiger
100%
Merged CountriesNiger
100%
Merged CountriesNiger
100%
Merged CountriesNigeria
100%
Merged CountriesNorth Korea
100%
Merged CountriesNorth Korea
100%
Merged CountriesNorth Macedonia
100%
Merged CountriesNorway
100%
Merged CountriesNorway
100%
Merged CountriesOman
100%
Merged CountriesOman
100%
Merged CountriesPakistan
100%
Merged CountriesPakistan
100%
Merged CountriesPakistan
100%
Merged CountriesPakistan
100%
Merged CountriesParaguay
100%
Merged CountriesPeru
100%
Merged CountriesPeru
100%
Merged CountriesPeru
100%
Merged CountriesPoland
100%
Merged CountriesPoland
100%
Merged CountriesPoland
100%
Merged CountriesPoland
100%
Merged CountriesPoland
100%
Merged CountriesPortugal
100%
Merged CountriesRep. of the Congo
100%
Merged CountriesRep. of the Congo
100%
Merged CountriesRep. of the Congo
100%
Merged CountriesRomania
100%
Merged CountriesRomania
100%
Merged CountriesRomania
100%
Merged CountriesRussia
100%
Merged CountriesRussia
100%
Merged CountriesRussia
100%
Merged CountriesRussia
100%
Merged CountriesRussia
100%
Merged CountriesRussia
100%
Merged CountriesRussia
100%
Merged CountriesRussia
100%
Merged CountriesRussia
100%
Merged CountriesSaudi Arabia
100%
Merged CountriesSaudi Arabia
100%
Merged CountriesSenegal
100%
Merged CountriesSerbia
100%
Merged CountriesSerbia
100%
Merged CountriesSlovakia
100%
Merged CountriesSlovakia
100%
Merged CountriesSomalia
100%
Merged CountriesSomalia
100%
Merged CountriesSouth Africa
100%
Merged CountriesSouth Africa
100%
Merged CountriesSouth Korea
100%
Merged CountriesSouth Sudan
100%
Merged CountriesSouth Sudan
100%
Merged CountriesSouth Sudan
100%
Merged CountriesSpain
100%
Merged CountriesSpain
100%
Merged CountriesSudan
100%
Merged CountriesSudan
100%
Merged CountriesSudan
100%
Merged CountriesSudan
100%
Merged CountriesSudan
100%
Merged CountriesSweden
100%
Merged CountriesSwitzerland
100%
Merged CountriesSyria
100%
Merged CountriesTajikistan
100%
Merged CountriesTajikistan
100%
Merged CountriesThailand
100%
Merged CountriesThailand
100%
Merged CountriesTogo
100%
Merged CountriesTurkey
100%
Merged CountriesTurkey
100%
Merged CountriesTurkey
100%
Merged CountriesTurkmenistan
100%
Merged CountriesTurkmenistan
100%
Merged CountriesTurkmenistan
100%
Merged CountriesUkraine
100%
Merged CountriesUkraine
100%
Merged CountriesUkraine
100%
Merged CountriesUnited Arab Emirates
100%
Merged CountriesUnited Kingdom
100%
Merged CountriesUnited States
100%
Merged CountriesUnited States
100%
Merged CountriesUruguay
100%
Merged CountriesUzbekistan
100%
Merged CountriesVenezuela
100%
Merged CountriesVietnam
100%
Merged CountriesZambia
100%
Merged CountriesZambia
100%
Merged CountriesZambia
100%
Merged CountriesZimbabwe
100%
Merged CountriesBolivia
90%
Merged CountriesCentral African Republic
90%
Merged CountriesD.R. of the Congo
90%
Merged CountriesFrance
90%
Merged CountriesItaly
90%
Merged CountriesMexico
90%
Merged CountriesParaguay
90%
Merged CountriesUzbekistan
90%
Merged CountriesBrazil
88%
Merged CountriesEcuador
88%
Merged CountriesEstonia
88%
Merged CountriesPeru
88%
Merged CountriesSouth Sudan
88%
Merged CountriesTurkey
88%
Merged CountriesUganda
88%
Merged CountriesVenezuela
88%
Merged CountriesGermany
86%
Merged CountriesHungary
86%
Merged CountriesIndia
86%
Merged CountriesKazakhstan
86%
Merged CountriesKyrgyzstan
86%
Merged CountriesMali
86%
Merged CountriesMozambique
86%
Merged CountriesNiger
86%
Merged CountriesNigeria
86%
Merged CountriesRomania
86%
Merged CountriesSenegal
86%
Merged CountriesSlovakia
86%
Merged CountriesSouth Africa
86%
Merged CountriesSudan
86%
Merged CountriesSwitzerland
86%
Merged CountriesTanzania
86%
Merged CountriesUzbekistan
86%
Merged CountriesAlgeria
83%
Merged CountriesArgentina
83%
Merged CountriesAustria
83%
Merged CountriesBelarus
83%
Merged CountriesBenin
83%
Merged CountriesBurkina Faso
83%
Merged CountriesIndia
83%
Merged CountriesIvory Coast
83%
Merged CountriesKenya
83%
Merged CountriesLaos
83%
Merged CountriesLaos
83%
Merged CountriesMali
83%
Merged CountriesMauritania
83%
Merged CountriesMoldova
83%
Merged CountriesMongolia
83%
Merged CountriesMyanmar
83%
Merged CountriesNiger
83%
Merged CountriesNigeria
83%
Merged CountriesSlovenia
83%
Merged CountriesSyria
83%
Merged CountriesUganda
83%
Merged CountriesUkraine
83%
Merged CountriesUkraine
83%
Merged CountriesUruguay
83%
Merged CountriesVietnam
83%
Merged CountriesAlgeria
80%
Merged CountriesArgentina
80%
Merged CountriesColombia
80%
Merged CountriesCroatia
80%
Merged CountriesD.R. of the Congo
80%
Merged CountriesEcuador
80%
Merged CountriesEstonia
80%
Merged CountriesEthiopia
80%
Merged CountriesFrance
80%
Merged CountriesGeorgia
80%
Merged CountriesGreece
80%
Merged CountriesGuatemala
80%
Merged CountriesGuyana
80%
Merged CountriesHonduras
80%
Merged CountriesKenya
80%
Merged CountriesLaos
80%
Merged CountriesLatvia
80%
Merged CountriesLatvia
80%
Merged CountriesLibya
80%
Merged CountriesParaguay
80%
Merged CountriesRussia
80%
Merged CountriesSaudi Arabia
80%
Merged CountriesSouth Sudan
80%
Merged CountriesSuriname
80%
Merged CountriesSwitzerland
80%
Merged CountriesTanzania
80%
Merged CountriesThailand
80%
Merged CountriesTunisia
80%
Merged CountriesYemen
80%
Merged CountriesBrazil
78%
Merged CountriesMozambique
78%
Merged CountriesSuriname
78%
Merged CountriesZambia
78%
Merged CountriesAustria
75%
Merged CountriesBelgium
75%
Merged CountriesBrazil
75%
Merged CountriesCambodia
75%
Merged CountriesColombia
75%
Merged CountriesGuinea
75%
Merged CountriesHungary
75%
Merged CountriesIran
75%
Merged CountriesIraq
75%
Merged CountriesIraq
75%
Merged CountriesIvory Coast
75%
Merged CountriesJordan
75%
Merged CountriesLibya
75%
Merged CountriesMali
75%
Merged CountriesMali
75%
Merged CountriesNetherlands
75%
Merged CountriesOman
75%
Merged CountriesSierra Leone
75%
Merged CountriesSyria
75%
Merged CountriesTunisia
75%
Merged CountriesVietnam
75%
Merged CountriesYemen
75%
Merged CountriesBhutan
71%
Merged CountriesEthiopia
71%
Merged CountriesLesotho
71%
Merged CountriesMoldova
71%
Merged CountriesMozambique
71%
Merged CountriesTajikistan
71%
Merged CountriesZimbabwe
71%
Merged CountriesAlbania
70%
Merged CountriesNorth Macedonia
70%
Merged CountriesArmenia
67%
Merged CountriesAzerbaijan
67%
Merged CountriesBurkina Faso
67%
Merged CountriesCameroon
67%
Merged CountriesCentral African Republic
67%
Merged CountriesChina
67%
Merged CountriesChina
67%
Merged CountriesGhana
67%
Merged CountriesIndonesia
67%
Merged CountriesJordan
67%
Merged CountriesKyrgyzstan
67%
Merged CountriesMalawi
67%
Merged CountriesNepal
67%
Merged CountriesNepal
67%
Merged CountriesNetherlands
67%
Merged CountriesPapua New Guinea
67%
Merged CountriesRep. of the Congo
67%
Merged CountriesRomania
67%
Merged CountriesSerbia
67%
Merged CountriesSudan
67%
Merged CountriesTurkey
67%
Merged CountriesBotswana
63%
Merged CountriesZimbabwe
63%
Merged CountriesAlbania
60%
Merged CountriesBosnia and Herzegovina
60%
Merged CountriesColombia
60%
Merged CountriesCroatia
60%
Merged CountriesJordan
60%
Merged CountriesMauritania
60%
Merged CountriesMorocco
60%
Merged CountriesSaudi Arabia
60%
Merged CountriesUganda
60%
Merged CountriesVenezuela
60%
Merged CountriesBhutan
57%
Merged CountriesGhana
57%
Merged CountriesTogo
57%
Merged CountriesBotswana
50%
Merged CountriesChina
50%
Merged CountriesEritrea
50%
Merged CountriesEthiopia
50%
Merged CountriesMauritania
50%
Merged CountriesMyanmar
50%
Merged CountriesSaudi Arabia
50%
Merged CountriesSenegal
50%
Merged CountriesSouth Africa
50%
Merged CountriesUnited Arab Emirates
50%
Merged CountriesIndonesia
33%
Merged CountriesLaos
33%
Merged CountriesLiberia
33%
Merged CountriesMalaysia
33%
Merged CountriesSierra Leone
33%
Merged CountriesCambodia
0%
Merged CountriesFinland
0%
Merged CountriesSweden
0%
Merged CountriesTajikistan
0%
Merged CountriesThailand
0%

Score Distribution

Percentile by Number Answered

Percent of People with Each Score

Your Score History

You have not taken this quiz